000 00549cam a2200181 4500
001 D4964
008 090401t1918 xxu||||| |||| 00| 0 eng d
035 _a(Sirsi) u27034
041 _aeng
050 _a711.14
110 _aParliament. House of Commons Committee on the Acquisition and Valuation of Land for Public Purposes
_91385
245 _aSecond report relating to the acquisition and valuation of land for public purposes
260 _aLondon
_bHMSO
_c1918
300 _a40p. 33cm
350 _a0.02
942 _n0
948 _c04/03/1997
999 _c89031
_d89031